Un día en la vida

Збережено в:
Бібліографічні деталі
Автор: Argueta, Manlio
Формат: Книга
Мова:Undetermined
Опубліковано: San José, Costa Rica Universitaria Centroamericana 1985
Редагування:4
Предмети:
Теги: Додати тег
Немає тегів, Будьте першим, хто поставить тег для цього запису!

MARC

LEADER 00000nam a2200000Ia 4500
008 170316s9999 xx 000 0 und d
040 |a cru BVZT 
090 |a 860 A-33u 
100 |a Argueta, Manlio  |9 1004 
245 |a Un día en la vida  |c / Manlio Argueta 
250 |a 4 
260 |a San José, Costa Rica  |b Universitaria Centroamericana  |c 1985 
300 |a 226 páginas 
650 |a LITERATURA LATINOAMERICANA  |9 15 
999 |c 8326  |d 8326 
942 |c SALA  |h 860 A-33u  |2 z